[Event "Arad op 16th"]
[Site "Arad"]
[Date "2023.08.07"]
[Round "1"]
[White "Martirosyan, Haik M"]
[Black "Albadri, Samer"]
[Result "1-0"]
[WhiteElo "2683"]
[BlackElo "1960"]
[PlyCount "105"]
[EventDate "2023.08.07"]
[EventType "swiss"]
[EventRounds "9"]
[EventCountry "ROU"]
[SourceTitle "EXT 2024"]
[Source "ChessBase"]
[SourceDate "2023.10.10"]
[SourceVersion "1"]
[SourceVersionDate "2023.10.10"]
[SourceQuality "1"]

1. d4 Nf6 2. c4 g6 3. Nf3 Bg7 4. g3 c6 5. Bg2 d5 6. Qb3 dxc4 7. Qxc4 0-0 8. 0-0 Bf5 9. Nbd2 Nbd7 10. Qb3 Qb6 11. Re1 Ne4 12. Nc4 Qxb3 13. axb3 Nd6 14. Na5 Be4 15. Bg5 Rfe8 16. Red1 b6 17. Nc4 Nxc4 18. bxc4 c5 19. Be3 cxd4 20. Bxd4 Bxd4 21. Nxd4 Bxg2 22. Kxg2 Rec8 23. Nb5 Nf6 24. Ra4 a6 25. Nc3 b5 26. cxb5 axb5 27. Rxa8 Rxa8 28. Rd4 Rb8 29. Rb4 Kf8 30. Kf3 Ke8 31. Rxb5 Rd8 32. h3 Kd7 33. Rb7+ Kd6 34. Ke3 Nd7 35. Ne4+ Kc6 36. Rb3 h6 37. Rc3+ Kb5 38. g4 Nb6 39. Rc5+ Kb4 40. Kf3 Rd7 41. Rc6 Na4 42. Rc8 Nxb2 43. Rb8+ Ka3 44. Rh8 Nc4 45. Rxh6 Kb4 46. Rh8 Kb5 47. h4 Ne5+ 48. Kf4 Nc6 49. h5 gxh5 50. gxh5 Nd4 51. h6 Nxe2+ 52. Ke3 Nd4 53. h7 1-0

[Event "Vienna Husek op-B"]
[Site "Vienna"]
[Date "2012.08.16"]
[Round "4"]
[White "Ranner, Stefan"]
[Black "Albadri, Samer"]
[Result "1-0"]
[WhiteElo "1999"]
[BlackElo "1765"]
[PlyCount "77"]
[EventDate "2012.08.13"]
[EventType "swiss"]
[EventRounds "7"]
[EventCountry "AUT"]
[SourceTitle "EXT 2014"]
[Source "ChessBase"]
[SourceDate "2013.11.20"]
[SourceVersion "1"]
[SourceVersionDate "2013.11.20"]
[SourceQuality "1"]

1. d4 Nf6 2. Nf3 g6 3. Bf4 Bg7 4. e3 0-0 5. h3 d6 6. Be2 Nbd7 7. c3 Re8 8. 0-0 b6 9. Nbd2 Bb7 10. Qc2 e5 11. dxe5 dxe5 12. Bh2 c5 13. Nc4 Qc7 14. Rad1 Bd5 15. b3 b5 16. Na3 a6 17. c4 Be4 18. Bd3 Bxf3 19. gxf3 b4 20. Nb1 Nb6 21. Nd2 Qd7 22. Kg2 Rad8 23. Ne4 Qe7 24. Bg3 Nh5 25. Be2 f5 26. Nd2 f4 27. Bh2 Qg5+ 28. Kh1 fxe3 29. Ne4 Qh4 30. fxe3 Qxh3 31. Rg1 Bh6 32. Ng5 Qh4 33. Rg4 Qf2 34. Rxd8 Rxd8 35. Nxh7 Rd1+ 36. Bxd1 Qxc2 37. Bxc2 Kxh7 38. Rxg6 Bxe3 39. Rxb6+ 1-0

[Event "Vienna Husek op-B"]
[Site "Vienna"]
[Date "2012.08.13"]
[Round "1"]
[White "Albadri, Samer"]
[Black "Birg, Jovan"]
[Result "1-0"]
[WhiteElo "1765"]
[BlackElo "1965"]
[PlyCount "69"]
[EventDate "2012.08.13"]
[EventType "swiss"]
[EventRounds "7"]
[EventCountry "AUT"]
[SourceTitle "EXT 2014"]
[Source "ChessBase"]
[SourceDate "2013.11.20"]
[SourceVersion "1"]
[SourceVersionDate "2013.11.20"]
[SourceQuality "1"]

1. e4 e5 2. Nf3 d6 3. d4 Nd7 4. Bc4 c6 5. 0-0 Be7 6. Re1 Ngf6 7. Nc3 0-0 8. a4 h6 9. h3 b6 10. Be3 Bb7 11. d5 a6 12. dxc6 Bxc6 13. Qd3 Qc8 14. Nh4 Ne8 15. Ng6 Qd8 16. Nxf8 Bxf8 17. Bxa6 Qh4 18. Bb5 Rc8 19. Bxc6 Rxc6 20. Qb5 Nb8 21. Bxb6 Nf6 22. Ba7 d5 23. Bxb8 Bc5 24. Qxc6 Bxf2+ 25. Kf1 Bd4 26. Qc8+ Kh7 27. Qf5+ Kg8 28. Bxe5 Nh5 29. g3 Nxg3+ 30. Bxg3 Qxg3 31. Ne2 Qe3 32. Nxd4 Qxd4 33. exd5 Qc4+ 34. Kg2 g6 35. Re8+ 1-0